000 00393cam a22001097a 4500
008 180718b1955 xxu||||| |||| 00| 0 eng d
082 _aO1x41 Un3n
245 _aA national health service
_cby Department of health for scotland, Ministry of Health
260 _aLondon
_bHer Majesty's Stationery Office
_c1955
300 _a85p.
700 _aU.K.Ministry of Health, Department of health for scotland
999 _c411940
_d411940